000
00287nam a2200121Ia 4500
008
190216s9999||||xx |||||||||||||| ||und||
100
_a
Adoor Gopalakrishnan
245
0
_a
Mukhamukham
260
_b
Dc Books Kottayam
_c
1986
300
_a
132p
650
_a
Malayalam Nadakam
942
_c
BK
999
_c
26744
_d
26744